| 000 | 00478nam a22001697a 4500 | ||
|---|---|---|---|
| 003 | OSt | ||
| 005 | 20221031190121.0 | ||
| 008 | 221006b |||||||| |||| 00| 0 eng d | ||
| 020 | _a9968-9937-1-9 | ||
| 040 | _cBiblioteca Lado V | ||
| 082 |
_a769.92 _bP397s |
||
| 100 |
_9270 _aPeña, Alfonso _eeditor |
||
| 245 | _aEl Surco de la gubia/ | ||
| 260 |
_c2001 _aCosta Rica _bGalería Andromeda |
||
| 300 |
_a35p. _c14x20cm |
||
| 942 |
_2ddc _c1 _h769.92 _iP397s _n0 |
||
| 999 |
_c2444 _d2444 |
||